000
00287nam a2200109Ia 4500
008
200302s9999 xx 000 0 und d
100
_a
Barrie Chanter And Peter Swallow
245
_a
Building Maintenance Management
260
_b
Blackwell Publishing
260
_c
2007
300
_a
317 P.,
999
_c
4259
_d
4259